| 000 | 00717nam a22002897a 4500 | ||
|---|---|---|---|
| 005 | 20240322144949.0 | ||
| 008 | 230224b2019 |||||||| |||| 00| 0 spa d | ||
| 020 | _a9786079380915 | ||
| 041 | _aESP | ||
| 082 | _a658.872 K87m | ||
| 100 | _aKotler, Philip | ||
| 245 | _aMarketing 4.0 | ||
| 260 | _aColombia | ||
| 260 | _bEdiciones de la U | ||
| 260 | _c2019 | ||
| 300 | _a199 páginas | ||
| 650 | _aMARKETING DIGITAL | ||
| 650 | _aCLIENTES CONECTADOS | ||
| 650 | _aMODELOS HORIZONTALES | ||
| 650 | _aMODELOS INCLUSIVOS | ||
| 650 | _aMODELOS SOCIALES | ||
| 650 | _aPARADOJAS DEL MARKETING | ||
| 650 | _aSUBCULTURAS GENERALES | ||
| 650 | _aECONOMÍA DIGITAL | ||
| 942 |
_cBK _2ddc |
||
| 999 |
_c13463 _d13463 |
||